Mac LANS : local area networking with the Macintosh /

Bibliographic Details
Main Author: Veljkov, Mark D.
Format: Book
Language:English
Published: Glenview ; Ill. : Scott, Foresman, 1988.
Subjects:

MARC

Tag First Indicator Second Indicator Subfields
LEADER 00000cam a22000008a 4500
001 in00000034402
005 20151007060712.0
008 880318s1988 ilua 00110 eng d
010 |a gb 88023744  
015 |a GB88-23744 
020 |a 0673380769 (pbk) :  |c £15.50 (Apr.) 
035 |a (OCoLC)17775468 
035 |9 AAC1528AM 
040 |a UKM  |c UKM  |d TXA  |d UtOrBLW 
049 |a TXAV  |c [A11116609] 
050 1 0 |a TK5105.7 
050 4 |a TK5105.7  |b .V44 1988 
082 0 |a 004.6/8  |2 19 
100 1 |a Veljkov, Mark D. 
245 1 0 |a Mac LANS :  |b local area networking with the Macintosh /  |c Mark D. Veljkov. 
264 1 |a Glenview ; Ill. :  |b Scott, Foresman,  |c 1988. 
300 |a xiv, 318 pages :  |b illustrations 
336 |a text  |b txt  |2 rdacontent 
337 |a unmediated  |b n  |2 rdamedia 
338 |a volume  |b nc  |2 rdacarrier 
500 |a Includes index. 
650 0 |a Local area networks (Computer networks) 
999 |a MARS 
999 f f |s 9f519bb5-e45f-31a9-a0bb-3fbd5fd09567  |i b7a99c8c-65b9-396f-a71b-6684d1428b88  |t 0 
952 f f |p ric  |a Texas A&M University  |b Rellis Campus  |c Joint Library Facility  |d Remote Storage  |t 0  |e TK5105.7 .V44 1988  |h Library of Congress classification  |i unmediated -- volume  |m A14811116609 
998 f f |a TK5105.7 .V44 1988  |t 0  |l Remote Storage